Casos prácticos de recursos humanos y relaciones laborales
Sparad:
| Huvudupphovsman: | |
|---|---|
| Materialtyp: | Bok |
| Språk: | spanska |
| Publicerad: |
Madrid
Ediciones Pirámide
2010
|
| Upplaga: | 1a. ed |
| Serie: | Economía y Empresa
|
| Ämnen: | |
| Taggar: |
Lägg till en tagg
Inga taggar, Lägg till första taggen!
|
MARC
| LEADER | 00000cam a2200000 a 4500 | ||
|---|---|---|---|
| 001 | UCC4210 | ||
| 003 | CL-VaPUC | ||
| 008 | 180720e20100000sp |||||||||||||||||spa|d | ||
| 020 | |a 9788436824100 | ||
| 082 | 0 | 4 | |a 658.3 |b VAL |2 21 |
| 100 | 0 | |a Valero Matas, Jesús A |e author |9 598350 | |
| 245 | 1 | 0 | |a Casos prácticos de recursos humanos y relaciones laborales |
| 250 | |a 1a. ed | ||
| 300 | |a 331 p | ||
| 942 | |c BK | ||
| 945 | |d 20180720 14:27:00 |a dcastane | ||
| 260 | |a Madrid |b Ediciones Pirámide |c 2010 | ||
| 650 | 0 | |a Recursos humanos |9 228420 | |
| 650 | 0 | |a Planificación estratégica |9 259735 | |
| 650 | 0 | |a Administración del personal |9 260442 | |
| 583 | |a last modification |c 20180720 14:27:00 |k Rodrigo Vera | ||
| 490 | 0 | |a Economía y Empresa | |
| 999 | |c 371763 |d 371761 | ||
| 952 | |0 0 |1 0 |3 erb |4 0 |6 658_300000000000000_VAL_2010 |7 0 |8 A |9 488939 |a BIBGIM |b BIBGIM |i 5482003 |o 658.3 VAL 2010 |p 5482003 |r 2025-01-15 |w 2019-11-24 |y BK |z Catalogado en:20180720 |k COM | ||